Books of the Bible - No Vowels #1 - Statistics

General Stats
  • This quiz has been taken 156 times
  • The average score is 16 of 21
Answer Stats
Hint Book of the Bible % Correct
GNSS Genesis
100%
MTTHW Matthew
100%
JB Job
94%
DNL Daniel
91%
RVLTN Revelation
91%
XDS Exodus
90%
JNH Jonah
90%
JSH Joshua
89%
RTH Ruth
85%
1 TMTH 1 Timothy
83%
2 SML 2 Samuel
72%
LMNTTNS Lamentations
70%
STHR Esther
67%
MCH Micah
67%
CCLSSTS Ecclesiastes
66%
PHLPNS Philippians
66%
CTS Acts
63%
PHLMN Philemon
56%
HS Hosea
48%
BDH Obadiah
47%
HGG Haggai
39%
No matching quizzes found
Score Distribution
Percent of People with Each Score
Percentile by Number Answered
Your Score History
You have not taken this quiz